00836cam a2200253 i 45000010005000000030008000050050017000130080041000300200029000710350018001000400032001180410008001500820017001582450105001752600048002803000035003285000037003635040030004006500026004306500056004567000024005127000024005367000022005605911BD-RjUL20211208234143.0140108s1977 caua b 000 0 eng d a0891630333 :a0891630325 a(BD-RjUL)5950 aDLCcDLCdDLCdBD-RjULbeng aeng00a364.973bCRI00aCrime and justice in America /cedited by Jerome H. Skolnick, Martin L. Frost, and Jane L. Scheiber. aDel Mar, Calif. :bPublishers Inc.,cc1977. axiii, 368 p. :bill. ;c23 cm. a"A Courses by newspaper reader." aBibliography: p. 353-368. 0aCrimezUnited States. 0aCriminal justice, Administration ofzUnited States.1 aSkolnick, Jerome H.1 aForst, Martin Lyle.1 aScheiber, Jane L.